00739nam a22001577a 4500999001900000008004100019100002100060245010200081260002900183300003200212520017700244773002900421906001700450942000700467952010700474 c530971d530971250722b ||||| |||| 00| 0 eng d aGuo, Jie 955523 aGender recognition and the law: Troubling transgender peoples’ engagement with legal regulation aSocial & Legal Studies  a34(3), Jun, 2025: p.461-464 aFlora Renz, New York: Routledge, 2024, pp. 176, ISBN 9780367566418, £135 (hbk), £36 (ebook).- Reproduced https://journals.sagepub.com/doi/abs/10.1177/09646639241279962  aSocial & Legal Studies  aBOOK REVIEW  cAR 00102ddc40709406170aIIPAbIIPAd2025-07-22h34(3), Jun, 2025: p.461-464pAR136691r2025-07-22yAR